000 00321nam a2200121Ia 4500
008 220204s9999 xx 000 0 und d
082 _a338.43.02
_bAHL
100 _aAHLAWAT, S R
245 0 _aGreen revolution and agricultural labour
260 _aDelhi
_bDeep &Deep Pub
_c1988
650 _aGreen revolution
942 _cBK
999 _c39807
_d39807